Normal view
MARC view
- Esparza, René
Entry Nombre Personal
001 - NUMERO DE CONTROL
- campo de control: 45950
003 - IDENTIFICADOR DE NUMERO DE CONTROL
- campo de control: DLC
005 - FECHA Y HORA DE LA ÜLTIMA TRANSACCIÓN
- campo de control: 20220829101726.0
008 - DATOS DE LONGITUD FIJA
- campo de control de longitud fija: 220829|||az|nnaaan a aaa d
010 ## - NÚMERO DE CONTROL DE LA BIBLIOTECA DEL CONGRESO
- Número de control LC: n 2001039777
040 ## - FUENTE DE CATALOGACIÓN
- Agencia original de catalogación: DLC
- Lenguaje de catalogación: spa
- Agencia de transcripción: DLC
- Agencia que lo modifica: MX-MxUPN
100 1# - ENCABEZAMIENTO - NOMBRE PERSONAL
- Nombre personal: Esparza, René
374 ## - OCUPACIÓN
- Occupation: Etnohistoriador
400 1# - VEÁSE - NOMBRE DE PERSONA
- Personal name: Esparza Somera, René
400 1# - VEÁSE - NOMBRE DE PERSONA
- Personal name: Somera, René Esparza
670 ## - FUENTE EN LA QUE SE LOCALIZARON DATOS
- Cita de la fuente: Guía de restitución y dotación de tierras y de reconocimiento, confirmación y titulación de bienes comunales del Archivo General Agrario, 1999:
- Información localizada: portada (René Esparza) solapa de la cubierta (René Esparza Somera; Etnohistoriador egresado de la ENAH)
902 ## - CATALOGADOR
- Catalogador: VAGG/290822
